Ανάλυση και σχεδίαση συστήματος διαχείρισης συλλογών για το Μουσείο Φυσικής Ιστορίας Απολιθωμένου Δάσους Λέσβου : μεταπτυχιακή διατριβή
Αποθηκεύτηκε σε:
| Κύριος συγγραφέας: | |
|---|---|
| Συγγραφή απο Οργανισμό/Αρχή: | |
| Άλλοι συγγραφείς: | |
| Μορφή: | Thesis Βιβλίο |
| Γλώσσα: | Greek |
| Δημοσίευση: |
2005
|
| Θέματα: | |
| Διαθέσιμο Online: | http://hdl.handle.net/11610/16001 |
| Ετικέτες: |
Προσθήκη ετικέτας
Δεν υπάρχουν, Καταχωρήστε ετικέτα πρώτοι!
|
MARC
| LEADER | 00000cam a2200000 i 4500 | ||
|---|---|---|---|
| 001 | 1/26283 | ||
| 008 | 060316s2005 gre d | ||
| 035 | |l 10083121 | ||
| 040 | |a GR-MY-UA |b gre |e aacr | ||
| 041 | 0 | |a gre | |
| 082 | 0 | |a 069 |2 (22) | |
| 100 | 1 | |a Λουλαδέλης, Παναγιώτης. | |
| 245 | 1 | 0 | |a Ανάλυση και σχεδίαση συστήματος διαχείρισης συλλογών για το Μουσείο Φυσικής Ιστορίας Απολιθωμένου Δάσους Λέσβου : |b μεταπτυχιακή διατριβή / |c Παναγιώτης Χρ. Λουλαδέλης ; υπεύθυνη καθηγήτρια Καβακλή Ευαγγελία |
| 260 | |c 2005 | ||
| 300 | |a 104 σ.; |b πιν., σχ.; |c 30 εκ. | ||
| 500 | |a Μέλη εξεταστικής επιτροπής: Καβακλή Ευαγγελία, Ζούρος Νικόλαος, Μπούνια Αλεξάνδρα | ||
| 502 | |a Διατριβή (μεταπτυχιακή) – Πανεπιστήμιο Αιγαίου, Λέσβος, 2005. | ||
| 504 | |a Βιβλιογραφία: σ. 96-104 | ||
| 650 | 0 | 0 | |a Museums |x Collection management |x Technological innovations. |
| 650 | 0 | 0 | |a Museums |z Greece |z Lesbos Island. |
| 650 | 0 | 0 | |a Dissertations, Academic |z Greece. |
| 700 | 1 | |a Καβακλή, Ευαγγελία. |4 ths | |
| 710 | 2 | |a Πανεπιστήμιο Αιγαίου. |b Σχολή Κοινωνικών Επιστημών. |b Τμήμα Πολιτισμικής Τεχνολογίας και Επικοινωνίας. |b Πρόγραμμα Μεταπτυχιακών Σπουδών Πολιτισμική Πληροφορική και Επικοινωνία. | |
| 852 | |a INST |b LESVOS |c DIATR |e 20060316 |h 23 |p 005100035568 |q 005100035568 |t MTXE |y 23 | ||
| 852 | |a INST |b LESVOS |c DIATR |e 20060316 |h 24 |p 005100035554 |q 005100035554 |t MTXE |y 23 | ||
| 856 | |u http://hdl.handle.net/11610/16001 | ||
| 901 | |a BIBL1-2006-1 | ||
| 909 | |a Λ |b 120713 | ||
| 909 | |a Λ |b 120714 | ||
| 924 | |a ΛΟΥΛΑΔΕΛΗΣ |b ΠΑΝΑΓΙΩΤΗΣ ΧΡ. |y ΛΕΣΒΟΣ |z 2005 | ||
| 970 | |a ΜΑΡΙΝΑΤΟΥ |b ΜΥΡΣΙΝΗ |z 2006/03/16 | ||